<?xml version="1.0" encoding="UTF-8"?><?xml-stylesheet type="text/xsl" href="static/style.xsl"?><OAI-PMH xmlns="http://www.openarchives.org/OAI/2.0/" xmlns:xsi="http://www.w3.org/2001/XMLSchema-instance" xsi:schemaLocation="http://www.openarchives.org/OAI/2.0/ http://www.openarchives.org/OAI/2.0/OAI-PMH.xsd"><responseDate>2026-04-29T13:49:48Z</responseDate><request verb="GetRecord" identifier="oai:riubu.ubu.es:10259/5792" metadataPrefix="marc">https://riubu.ubu.es/oai/request</request><GetRecord><record><header><identifier>oai:riubu.ubu.es:10259/5792</identifier><datestamp>2024-07-16T10:23:40Z</datestamp><setSpec>com_10259_9391</setSpec><setSpec>com_10259_5087</setSpec><setSpec>com_10259_2728</setSpec><setSpec>col_10259_9392</setSpec></header><metadata><record xmlns="http://www.loc.gov/MARC21/slim" xmlns:doc="http://www.lyncode.com/xoai" xmlns:xsi="http://www.w3.org/2001/XMLSchema-instance" xmlns:dcterms="http://purl.org/dc/terms/" xsi:schemaLocation="http://www.loc.gov/MARC21/slim http://www.loc.gov/standards/marcxml/schema/MARC21slim.xsd">
<leader>00925njm 22002777a 4500</leader>
<datafield tag="042" ind1=" " ind2=" ">
<subfield code="a">dc</subfield>
</datafield>
<datafield tag="720" ind1=" " ind2=" ">
<subfield code="a">Pérez Gómez, Cristina</subfield>
<subfield code="e">author</subfield>
</datafield>
<datafield tag="520" ind1=" " ind2=" ">
<subfield code="a">A lo largo de este Trabajo de Fin de Grado, se ha analizado el concepto de Gestión por Categorías, los objetivos que persigue su implantación, así como las ventajas e inconvenientes que genera para fabricantes, distribuidores y consumidores y de qué manera establecerla de forma correcta en las empresas; todo esto fruto de una extensa investigación bibliográfica. Del mismo modo, se han analizado casos exitosos de empresas que han llevado a cabo de una forma reseñable la Gestión por Categorías. Por otro lado, se ha realizado un estudio empírico basado en encuestas online a consumidores y entrevistas personales a dos distribuidores de la industria alimenticia (Alcampo, S.A. y Hermanos López Antoranz, S.A.). Finalmente, las conclusiones, limitaciones y opciones de mejora han sido expuestas, con el objetivo de comparar los resultados conseguidos con el marco conceptual.</subfield>
</datafield>
<datafield tag="520" ind1=" " ind2=" ">
<subfield code="a">Throughout this Bachelor Thesis, the concept of Category Management, the pursued objectives of its implementation, as well as the advantages and drawbacks that generate for manufacturers, distributors and consumers and in which way it should be correctly established in firms have been analysed; by means of an extensive bibliographic investigation. In the same way, successful firms’ cases that have applied Category Management in a remarkable manner have been studied. Furthermore, it has been carried out an empirical study based on online surveys to consumers and face to face personal interviews to two distributors of the food industry (Alcampo, S.A. and Hermanos López Antoranz, S.A.). Finally, the conclusions, limitations and ways of improvement are given, with the goal of comparing the achieved results with the conceptual framework.</subfield>
</datafield>
<datafield tag="024" ind2=" " ind1="8">
<subfield code="a">http://hdl.handle.net/10259/5792</subfield>
</datafield>
<datafield ind1=" " ind2=" " tag="653">
<subfield code="a">Gestión por Categorías</subfield>
</datafield>
<datafield ind1=" " ind2=" " tag="653">
<subfield code="a">Industria alimenticia</subfield>
</datafield>
<datafield ind1=" " ind2=" " tag="653">
<subfield code="a">Fabricante</subfield>
</datafield>
<datafield ind1=" " ind2=" " tag="653">
<subfield code="a">Distribuidor</subfield>
</datafield>
<datafield ind1=" " ind2=" " tag="653">
<subfield code="a">Consumidor</subfield>
</datafield>
<datafield ind1=" " ind2=" " tag="653">
<subfield code="a">Category Management</subfield>
</datafield>
<datafield ind1=" " ind2=" " tag="653">
<subfield code="a">Food industry</subfield>
</datafield>
<datafield ind1=" " ind2=" " tag="653">
<subfield code="a">Manufacturer</subfield>
</datafield>
<datafield ind1=" " ind2=" " tag="653">
<subfield code="a">Distributor</subfield>
</datafield>
<datafield ind1=" " ind2=" " tag="653">
<subfield code="a">Consumer</subfield>
</datafield>
<datafield tag="245" ind1="0" ind2="0">
<subfield code="a">Category Management in the food industry</subfield>
</datafield>
</record></metadata></record></GetRecord></OAI-PMH>